000 00340nab a22001097u 4500
008 130520b1983 xxu||||| |||| 00| 0 spa d
041 _aspa
100 1 _aColajanni, N.
_967310
245 0 0 _aLa crítica del Vaticano II en la bibliografía actual
_cN. Colajanni
773 0 _tConcilium
_gV.3,1983,págs.148-155
_x0210-1041
_wRev134
942 _cAR
999 _c355011
_d355011